Statistics for Top 10 NFL Players drafted in the 1990s

Click here to take the quiz!

General Stats

  • This quiz has been taken 26 times
  • The average score is 8 of 10

Answer Stats

RankDraftPos.Player% Correct
1.1998QBPeyton Manning
100%
2.1998WRRandy Moss
100%
4.1990RBEmmitt Smith
96%
5.1997TETony Gonzalez
91%
10.1996KAdam Vinatieri
83%
3.1996LBRay Lewis
83%
9.1991QBBrett Favre
61%
6.1996WRTerrell Owens
61%
8.1996WRMarvin Harrison
52%
7.1994IOLLarry Allen
30%

Score Distribution

Percentile by Number Answered

Percent of People with Each Score

Your Score History

You have not taken this quiz